Statistiques concernant Emblème animal

Cliquez ici pour prendre le quiz!

Statistiques générales

  • Ce quiz a été pris 28 fois
  • Le résultat moyen est 5 sur 9

Statistiques - réponses

HintRéponse% Correct
Aigle dévorant un serpentMexique
85%
Oiseau du ZimbabweZimbabwe
85%
Aigle bicéphale (à 2 têtes)Albanie
69%
Condor des AndesÉquateur
69%
QuetzalGuatemala
54%
Grue royale griseOuganda
42%
Paradisier de RaggiPapouasie-Nouvelle-Guinée
27%
FrégateKiribati
19%
Amazona impérialDominique
15%

Distribution des résultats

Percentile par nombre de réponses

% des personnes avec chaque résultat

Votre développement - résultats

Vous n’avez pas pris ce quiz